| 000 | 00569nam a22002057a 4500 | ||
|---|---|---|---|
| 005 | 20231010163727.0 | ||
| 008 | 150313b xxu||||| |||| 00| 0 spa d | ||
| 041 | _aspa | ||
| 082 | _a155.23 D773h | ||
| 100 |
_aDresel, Walter _911591 |
||
| 245 | _aAl límite: recuperar el control de tu vida y aprende a vivir en equilibrio | ||
| 260 |
_aEspaña _bPlaneta _c2013 |
||
| 300 | _a325 páginas | ||
| 650 | _aSUPERACION PERSONAL | ||
| 650 | _aVIVIR | ||
| 650 | _aCALIDAD DE VIDA | ||
| 650 | _aAPARENCIAS | ||
| 650 | _aERRORES | ||
| 942 |
_cLIT _2ddc |
||
| 999 |
_c3951 _d3951 |
||